| 000 | 00341 a2200121 4500 | ||
|---|---|---|---|
| 003 | Nust | ||
| 005 | 20170207154559.0 | ||
| 040 | _cNust | ||
| 245 |
_aIndep Day (Photo Album Vol No. 2, 2003) _cMCS |
||
| 260 |
_aRawalpindi _bMCS _c14-08-2003 |
||
| 650 | _aPictures of Indep Day in MCS,(Photo Album Vol No. 2, 2003,CD-NO-11) | ||
| 651 | _a Sweet Memories-MCS | ||
| 942 | _cBK | ||
| 999 |
_c198511 _d198511 |
||